[Event "ODJM C 2018"]
[Site "Willingen GER"]
[Date "2018.05.23"]
[Round "5"]
[White "I., Natascha"]
[Black "Pham, Anh Tuan"]
[Result "1-0"]
[Termination "normal"]
[Board "12"]
[WhiteElo "1131"]
[BlackElo "1149"]
[PlyCount "101"]
[WhiteFideId "16257545"]
[BlackFideId "16245229"]
[EventCountry "GER"]
[EventRounds "9"]
[EventType "swiss"]
[EventDate "2018.05.19"]

1. e4 e5 2. Nf3 Nc6 3. d4 exd4 4. Nxd4 Nf6 5. Nc3 Bb4 6. Nxc6 bxc6 7. Bd3 O-O
8. O-O h6 9. Qf3 d6 10. Bf4 Re8 11. h3 Bc5 12. Rfe1 Bd4 13. Rad1 Be5 14. Bd2
Rb8 15. b3 d5 16. exd5 cxd5 17. a3 c6 18. b4 a6 19. Na4 Qc7 20. Kh1 Bd7 21. Nc5
Rb6 22. Nxa6 Qa7 23. Nc5 Qxa3 24. Bh7+ Kxh7 25. Qxa3 Rbb8 26. Nxd7 Nxd7 27. f4
Bf6 28. Rxe8 Rxe8 29. Re1 Rd8 30. Qa5 Bh4 31. g3 Bf6 32. Bc3 Bxc3 33. Qxd8 Bxe1
34. Qxd7 Bxb4 35. Qxc6 d4 36. Qd5 f6 37. Qxd4 Ba5 38. c4 g5 39. Qa7+ Kg6 40.
Qxa5 gxf4 41. g4 f3 42. Qf5+ Kf7 43. Qxf3 Kg7 44. Qf5 h5 45. gxh5 Kf7 46. h6
Ke7 47. h7 Kf7 48. h8=R Ke7 49. c5 Kf7 50. Rh7+ Ke8 51. Qc8# 1-0

[Event "ODJM C 2018"]
[Site "Willingen GER"]
[Date "2018.05.23"]
[Round "5"]
[White "Hernando, Leonard"]
[Black "Schneble, Milan"]
[Result "0-1"]
[Termination "normal"]
[Board "13"]
[WhiteElo "1107"]
[BlackElo "1258"]
[PlyCount "88"]
[WhiteFideId "16266170"]
[BlackFideId "16266102"]
[EventCountry "GER"]
[EventRounds "9"]
[EventType "swiss"]
[EventDate "2018.05.19"]

1. e4 e5 2. Nf3 Nc6 3. Bc4 Bc5 4. b4 Bxb4 5. c3 Bc5 6. d4 exd4 7. O-O Nge7 8.
cxd4 Bb6 9. Be3 O-O 10. Nc3 Ng6 11. Qd2 d6 12. h3 h6 13. Bxh6 gxh6 14. Qxh6 Qf6
15. Nd5 Qg7 16. Qxg7+ Kxg7 17. Rad1 Nge7 18. Rfe1 Nxd5 19. exd5 Nb4 20. a3 Nc2
21. Re2 Nxa3 22. Bd3 Bd7 23. Re7 Bb5 24. Bxb5 Nxb5 25. Rb1 Nc3 26. Rc1 Nxd5 27.
Ree1 Nf4 28. Rcd1 a5 29. Ra1 a4 30. Red1 a3 31. Rd2 Ra4 32. g3 Ne6 33. Kf1 Rfa8
34. Ke1 Nxd4 35. Nxd4 Bxd4 36. Rc1 a2 37. Rdd1 a1=Q 38. Rxa1 Rxa1 39. Rxa1
Rxa1+ 40. Ke2 b5 41. Kd2 b4 42. Kc2 Ra3 43. Kb1 b3 44. f3 Ra1# 0-1

[Event "ODJM C 2018"]
[Site "Willingen GER"]
[Date "2018.05.23"]
[Round "5"]
[White "Schulz, Jonas"]
[Black "Zobel, Christian Erik"]
[Result "1/2-1/2"]
[Termination "normal"]
[Board "14"]
[WhiteElo "1078"]
[BlackElo "1240"]
[PlyCount "43"]
[WhiteFideId "16245172"]
[BlackFideId "16259068"]
[EventCountry "GER"]
[EventRounds "9"]
[EventType "swiss"]
[EventDate "2018.05.19"]

1. e4 e5 2. Nf3 Nc6 3. Bc4 Bc5 4. c3 Nf6 5. d4 exd4 6. cxd4 Bb4+ 7. Nc3 Nxe4 8.
O-O Nxc3 9. bxc3 Bxc3 10. Rb1 d6 11. Be3 O-O 12. Ng5 d5 13. Qd3 g6 14. Qxc3
dxc4 15. Nf3 Qf6 16. Bh6 Re8 17. Bg5 Qg7 18. Rfe1 Rxe1+ 19. Rxe1 Bd7 20. h3 Re8
21. Rxe8+ Bxe8 22. Qxc4 1/2-1/2

[Event "ODJM C 2018"]
[Site "Willingen GER"]
[Date "2018.05.23"]
[Round "5"]
[White "Shapiro, Danil"]
[Black "Guo, Jacob Tingshen"]
[Result "1/2-1/2"]
[Termination "normal"]
[Board "15"]
[WhiteElo "1238"]
[BlackElo "1108"]
[PlyCount "76"]
[WhiteFideId "16260015"]
[BlackFideId "16245245"]
[EventCountry "GER"]
[EventRounds "9"]
[EventType "swiss"]
[EventDate "2018.05.19"]

1. e4 e5 2. Bc4 Nf6 3. d3 Nc6 4. Nc3 Bc5 5. f4 d6 6. Nf3 Ng4 7. Qe2 Nd4 8. Nxd4
Bxd4 9. f5 Qh4+ 10. g3 Qh3 11. Qf1 Qxf1+ 12. Kxf1 Ne3+ 13. Bxe3 Bxe3 14. Nd5
Bb6 15. Nxb6 axb6 16. h4 g6 17. g4 h6 18. Ke2 Ke7 19. Rhg1 Bd7 20. Raf1 Raf8
21. Ke3 21... c6 {(=)} 22. d4 Bc8 23. b4 Bd7 24. a4 Kd8 25. b5 Kc7 26. Be2 Be8
27. Ra1 Bd7 28. c4 Ra8 29. Rgf1 g5 30. h5 f6 31. dxe5 dxe5 32. Bd1 c5 33. Bb3
Rhd8 34. Rfd1 Be8 35. Rxd8 Rxd8 36. a5 bxa5 37. Rxa5 Kb6 38. Ra2 Bf7 1/2-1/2

[Event "ODJM C 2018"]
[Site "Willingen GER"]
[Date "2018.05.23"]
[Round "5"]
[White "Wellßow, Lio Keanu"]
[Black "Reichel, Sara"]
[Result "1/2-1/2"]
[Termination "normal"]
[Board "17"]
[WhiteElo "1004"]
[BlackElo "1192"]
[PlyCount "90"]
[WhiteFideId "16252837"]
[BlackFideId "16245130"]
[EventCountry "GER"]
[EventRounds "9"]
[EventType "swiss"]
[EventDate "2018.05.19"]

1. e4 c5 2. Nf3 g6 3. d4 cxd4 4. Nxd4 Nc6 5. Nc3 Bg7 6. Be3 Nf6 7. Bc4 Qa5 8.
O-O O-O 9. Bb3 d6 10. h3 Bd7 11. Qd2 a6 12. Rfd1 b5 13. a3 Rac8 14. Ba2 Nxd4
15. Qxd4 Ng4 16. Qb6 Qxb6 17. Bxb6 Nf6 18. Re1 Ne8 19. Nd5 Bf6 20. c3 e6 21.
Nxf6+ Nxf6 22. b4 d5 23. f3 Bc6 24. e5 Nd7 25. Bd4 25... Rce8 {(=)} 26. Bb3 f6
27. f4 fxe5 28. fxe5 Nb8 29. Bc5 Rf7 30. Rf1 Rxf1+ 31. Rxf1 Nd7 32. Bd6 Nb6 33.
Rf6 Nc4 34. Bxc4 dxc4 35. g4 35... Rd8 {(=)} 36. Rxe6 Re8 37. Rf6 Kg7 38. g5
Bd5 39. Kf2 Be4 40. h4 Bf5 41. Ke3 Rd8 42. Kd4 Rd7 43. Kc5 Rf7 44. Rxf7+ Kxf7
45. Kb6 Bc8 1/2-1/2

[Event "ODJM C 2018"]
[Site "Willingen GER"]
[Date "2018.05.23"]
[Round "5"]
[White "Hornstein, Leonhard"]
[Black "Borgstädt, Leif"]
[Result "0-1"]
[Termination "normal"]
[Board "18"]
[WhiteElo "934"]
[BlackElo "1175"]
[PlyCount "114"]
[WhiteFideId "16254643"]
[BlackFideId "16266153"]
[EventCountry "GER"]
[EventRounds "9"]
[EventType "swiss"]
[EventDate "2018.05.19"]

1. e4 e5 2. Nf3 Nf6 3. Nxe5 d6 4. Nf3 Nxe4 5. Qe2 Qe7 6. d3 Nf6 7. Bg5 Nbd7 8.
Nc3 Qxe2+ 9. Bxe2 Be7 10. d4 O-O 11. O-O-O Re8 12. Rhe1 a5 13. Bc4 c6 14. d5 c5
15. Bb5 Kf8 16. Re2 h6 17. Bxf6 Bxf6 18. Rxe8+ Kxe8 19. Re1+ Kf8 20. Ne4 Be5
21. Bxd7 Bxd7 22. Nxe5 dxe5 23. Nxc5 Bf5 24. Rxe5 Rc8 25. Rxf5 Rxc5 26. Kd2 Ke7
27. Kd3 f6 28. Kd4 Rxc2 29. d6+ Kxd6 30. Rxa5 Rxb2 31. a4 Rxf2 32. Rd5+ Kc6 33.
Rc5+ Kb6 34. Rb5+ Ka6 35. Kc5 Rf5+ 36. Kb4 Rxb5+ 37. axb5+ Kb6 38. Kc4 g5 39.
Kd5 Kxb5 40. Ke6 Kc5 41. Kxf6 b5 42. Kg6 b4 43. Kxh6 b3 44. Kxg5 b2 45. h4 b1=Q
46. h5 Qg1 47. h6 Qxg2+ 48. Kf5 Kd6 49. h7 Qc2+ 50. Kf6 Qxh7 51. Kg5 Qf7 52.
Kg4 Ke5 53. Kg3 Ke4 54. Kg4 Qg7+ 55. Kh3 Kf4 56. Kh2 Kf3 57. Kh1 Qg2# 0-1

[Event "ODJM C 2018"]
[Site "Willingen GER"]
[Date "2018.05.23"]
[Round "5"]
[White "Butenandt, Albrecht"]
[Black "Bone, Franziska"]
[Result "1-0"]
[Termination "normal"]
[Board "19"]
[WhiteElo "1138"]
[BlackElo "920"]
[PlyCount "78"]
[WhiteFideId "16213424"]
[BlackFideId "16261488"]
[EventCountry "GER"]
[EventRounds "9"]
[EventType "swiss"]
[EventDate "2018.05.19"]

1. e4 e5 2. Nf3 Nc6 3. Nc3 Nf6 4. d4 exd4 5. Nxd4 Bc5 6. Be3 d6 7. Nxc6 bxc6 8.
Bxc5 dxc5 9. Qxd8+ Kxd8 10. O-O-O+ Bd7 11. Bc4 Rf8 12. f3 Rb8 13. Na4 Kc8 14.
Nxc5 Rb4 15. Rd4 Kb8 16. e5 Bf5 17. exf6 gxf6 18. Na6+ Kc8 19. Nxb4 Kb7 20. Rf4
Be6 21. Bd3 c5 22. Na6 Kb6 23. Rxf6 Re8 24. Re1 c6 25. Bc4 Bd7 26. Rxe8 Bxe8
27. Bxf7 Bxf7 28. Rxf7 Kxa6 29. Rxh7 c4 30. f4 Kb6 31. f5 c5 32. f6 Ka6 33. f7
Kb6 34. f8=Q Kc6 35. Rxa7 Kd5 36. Rc7 Kd4 37. Qd8+ Ke5 38. Re7+ Kf5 39. Qf8+
Kg5 1-0

[Event "ODJM C 2018"]
[Site "Willingen GER"]
[Date "2018.05.23"]
[Round "5"]
[White "Herbertz, Daria"]
[Black "Ahrens, Merle"]
[Result "1-0"]
[Termination "normal"]
[Board "20"]
[WhiteElo "1394"]
[BlackElo "1008"]
[PlyCount "41"]
[WhiteFideId "16222989"]
[BlackFideId "16266200"]
[EventCountry "GER"]
[EventRounds "9"]
[EventType "swiss"]
[EventDate "2018.05.19"]

1. e4 e5 2. Nf3 Nc6 3. d4 d5 4. Nxe5 Nxe5 5. dxe5 Qe7 6. Qxd5 c6 7. Qd4 f6 8.
Bf4 f5 9. Nc3 Bd7 10. Be2 O-O-O 11. Qxa7 Be6 12. O-O g5 13. Qa8+ Kc7 14. Qa5+
Kd7 15. Rfd1+ Ke8 16. Rxd8+ Qxd8 17. Qxd8+ Kxd8 18. Bxg5+ Ke8 19. Rd1 h6 20.
Bh4 Bf7 21. Rd8# 1-0

[Event "ODJM C 2018"]
[Site "Willingen GER"]
[Date "2018.05.23"]
[Round "5"]
[White "Winkler, Yonathan"]
[Black "Grunert, Heinrich"]
[Result "1-0"]
[Termination "normal"]
[Board "21"]
[WhiteElo "1307"]
[BlackElo "1212"]
[PlyCount "29"]
[WhiteFideId "16266080"]
[BlackFideId "16213416"]
[EventCountry "GER"]
[EventRounds "9"]
[EventType "swiss"]
[EventDate "2018.05.19"]

1. e4 e5 2. Nf3 Nc6 3. Nc3 Nf6 4. d4 exd4 5. Nxd4 Bb4 6. Nxc6 bxc6 7. Bd2 O-O
8. Bd3 Re8 9. O-O Bxc3 10. Bxc3 Nxe4 11. Qh5 h6 12. Rfe1 Nxc3 13. bxc3 Rxe1+
14. Rxe1 Qf6 15. Re8# 1-0

[Event "ODJM C 2018"]
[Site "Willingen GER"]
[Date "2018.05.23"]
[Round "5"]
[White "Matiashvili, Alexander Michael"]
[Black "Foos, Vanessa"]
[Result "0-1"]
[Termination "normal"]
[Board "22"]
[WhiteElo "847"]
[BlackElo "1171"]
[PlyCount "38"]
[WhiteFideId "16266242"]
[BlackFideId "16245270"]
[EventCountry "GER"]
[EventRounds "9"]
[EventType "swiss"]
[EventDate "2018.05.19"]

1. e4 e5 2. Nf3 Nc6 3. Bc4 Bc5 4. O-O Nf6 5. d4 exd4 6. e5 Ng4 7. Ng5 O-O 8.
Qxg4 d5 9. Bd3 Bxg4 10. c3 g6 11. h3 Bf5 12. Bxf5 gxf5 13. e6 Ne5 14. Rd1 dxc3
15. Nxc3 Re8 16. Rxd5 Qf6 17. Rxc5 fxe6 18. Rxc7 f4 19. Rxh7 Qxg5 0-1

[Event "ODJM C 2018"]
[Site "Willingen GER"]
[Date "2018.05.23"]
[Round "5"]
[White "Reyher, Bastian"]
[Black "Basovskiy, Michael"]
[Result "1-0"]
[Termination "normal"]
[Board "23"]
[WhiteElo "1137"]
[BlackElo "937"]
[PlyCount "51"]
[WhiteFideId "12927465"]
[BlackFideId "16258754"]
[EventCountry "GER"]
[EventRounds "9"]
[EventType "swiss"]
[EventDate "2018.05.19"]

1. e4 c5 2. Bc4 e6 3. Nc3 Nf6 4. d3 d5 5. Bb5+ Nc6 6. e5 Nd7 7. f4 a6 8. Bxc6
bxc6 9. Nf3 d4 10. Ne4 f5 11. Nd6+ Bxd6 12. exd6 Nf6 13. Ne5 Qxd6 14. Qf3 Bd7
15. Bd2 O-O 16. O-O-O Rab8 17. Nc4 Qc7 18. Ba5 Qb7 19. b3 Qc8 20. Nd6 Nd5 21.
Nxc8 Ne3 22. Ne7+ Kh8 23. Rde1 Rf7 24. Nxc6 Bxc6 25. Qxc6 Nxg2 26. Qxg2 1-0

[Event "ODJM C 2018"]
[Site "Willingen GER"]
[Date "2018.05.23"]
[Round "5"]
[White "Margaryan, Venera"]
[Black "Sieber, Cassandra"]
[Result "0-1"]
[Termination "normal"]
[Board "25"]
[WhiteElo "991"]
[BlackElo "1001"]
[PlyCount "124"]
[WhiteFideId "16266226"]
[BlackFideId "16266218"]
[EventCountry "GER"]
[EventRounds "9"]
[EventType "swiss"]
[EventDate "2018.05.19"]

1. e4 e5 2. Nf3 Nc6 3. Bb5 Nf6 4. Nc3 d5 5. exd5 Nxd5 6. Nxe5 a6 7. Nxc6 Qd6 8.
Nb4+ c6 9. Nbxd5 axb5 10. Nb6 Rb8 11. Qe2+ Be6 12. O-O Qc5 13. Qe3 Qxe3 14.
fxe3 Bc5 15. d4 Bxb6 16. Ne4 O-O 17. Bd2 Rfe8 18. Rf2 Rbd8 19. Rf3 Bd5 20. Nf6+
gxf6 21. Rg3+ Kh8 22. Rf1 Rg8 23. Rxg8+ Kxg8 24. Rxf6 Bxa2 25. b3 Bb1 26. c3
Be4 27. c4 bxc4 28. bxc4 Ba7 29. Bc3 c5 30. Rf4 Bd3 31. Rg4+ Kf8 32. d5 b5 33.
Bg7+ Ke8 34. Bf6 Rd6 35. Rg8+ Kd7 36. Rd8+ Kc7 37. Be5 Kxd8 38. Bxd6 bxc4 39.
Be5 Ke7 40. d6+ Ke6 41. Bf4 c3 42. e4 Bxe4 43. g4 c2 44. h4 c4+ 45. Kf1 Bb8 46.
Ke1 Bxd6 47. Bc1 Bg3+ 48. Kd2 Bxh4 49. Kc3 Bd3 50. Kb2 f5 51. g5 Ke5 52. Bd2 f4
53. Kc1 f3 54. Be3 f2 55. Bxf2 Bxf2 56. g6 hxg6 57. Kd2 c3+ 58. Kxc3 Ke4 59.
Kb2 Be3 60. Ka2 c1=Q 61. Kb3 Qc4+ 62. Ka3 Bc1# 0-1

[Event "ODJM C 2018"]
[Site "Willingen GER"]
[Date "2018.05.23"]
[Round "5"]
[White "Wilmink, Luca"]
[Black "Jagodzinsky, Lukas"]
[Result "1-0"]
[Termination "normal"]
[Board "26"]
[WhiteElo "1267"]
[BlackElo "840"]
[PlyCount "115"]
[WhiteFideId "16245253"]
[BlackFideId "16233255"]
[EventCountry "GER"]
[EventRounds "9"]
[EventType "swiss"]
[EventDate "2018.05.19"]

1. e4 e5 2. Nf3 Nf6 3. Nxe5 d6 4. Nf3 Nxe4 5. d3 Nf6 6. Nc3 Qe7+ 7. Qe2 Qxe2+
8. Bxe2 Nc6 9. Bf4 Bf5 10. O-O Nb4 11. Nd4 Bg4 12. Bxg4 Nxg4 13. a3 Nc6 14.
Nxc6 bxc6 15. Rfe1+ Be7 16. Bg5 Ne5 17. Bxe7 Kxe7 18. d4 Rab8 19. b4 c5 20.
dxe5 cxb4 21. Nd5+ Kd7 22. axb4 c6 23. Nf4 Rxb4 24. Rxa7+ Kc8 25. Nd3 Rb7 26.
Ra8+ Rb8 27. Rxb8+ Kxb8 28. exd6 Kc8 29. Re7 Rd8 30. d7+ Rxd7 31. Rxd7 Kxd7 32.
Ne5+ Ke6 33. Nxc6 f5 34. Kf1 g5 35. g3 h5 36. Nd4+ Kf6 37. f4 gxf4 38. gxf4 Kg6
39. h4 Kf6 40. Ke2 Ke7 41. Nxf5+ Kf6 42. Nd4 Ke7 43. c4 Kd6 44. Kd3 Kc7 45. Nf5
Kc6 46. Ng7 Kc5 47. Nxh5 Kc6 48. f5 Kd7 49. c5 Kc6 50. f6 Kd7 51. c6+ Kxc6 52.
f7 Kd7 53. f8=Q Ke6 54. Qc5 Kf7 55. Qd6 Ke8 56. Qc7 Kf8 57. Qd7 Kg8 58. Qg7#
1-0

[Event "ODJM C 2018"]
[Site "Willingen GER"]
[Date "2018.05.23"]
[Round "5"]
[White "Haug, Mara"]
[Black "Wagner, Xaver Korbinian"]
[Result "0-1"]
[Termination "normal"]
[Board "27"]
[WhiteElo "938"]
[BlackElo "1127"]
[PlyCount "80"]
[WhiteFideId "16259300"]
[EventCountry "GER"]
[EventRounds "9"]
[EventType "swiss"]
[EventDate "2018.05.19"]

1. e4 e5 2. Nf3 Nc6 3. Bc4 Bc5 4. O-O d6 5. h3 h6 6. Nc3 Nf6 7. d3 Na5 8. Bd5
c6 9. Bc4 Nxc4 10. dxc4 Be6 11. Qe2 O-O 12. Be3 Bxe3 13. fxe3 Qb6 14. Rab1 Qa6
15. b3 d5 16. Nxe5 dxc4 17. bxc4 Qa5 18. Qd3 Qxe5 19. Rxb7 Rfd8 20. Qe2 Qxc3
21. Qf2 Bxc4 22. Re7 Bxf1 23. Qxf1 Qxe3+ 24. Kh1 Qd2 25. e5 Qd1 26. Kg1 Qxf1+
27. Kxf1 Nd5 28. Rb7 Re8 29. e6 Rxe6 30. g4 Nf4 31. h4 Rg6 32. g5 hxg5 33. h5
Nxh5 34. Kg2 Re6 35. Kf3 f6 36. Kg4 g6 37. Kf3 Rae8 38. Kg4 Re3 39. c3 R8e7 40.
Rb4 Rg3# 0-1

[Event "ODJM C 2018"]
[Site "Willingen GER"]
[Date "2018.05.23"]
[Round "5"]
[White "Burger, Daiana"]
[Black "Ahrens, Malte"]
[Result "1-0"]
[Termination "normal"]
[Board "28"]
[WhiteElo "939"]
[BlackElo "1046"]
[PlyCount "45"]
[WhiteFideId "16217233"]
[BlackFideId "16266196"]
[EventCountry "GER"]
[EventRounds "9"]
[EventType "swiss"]
[EventDate "2018.05.19"]

1. e4 e5 2. Nf3 Nc6 3. Bc4 Nf6 4. Ng5 d5 5. exd5 Nxd5 6. d3 h6 7. Nxf7 Kxf7 8.
Qf3+ Ke6 9. Nc3 Nce7 10. O-O c6 11. Re1 g5 12. d4 Bg7 13. dxe5 b5 14. Bb3 Bb7
15. Qg4+ Nf5 16. Qf3 h5 17. h3 Rc8 18. Ne4 g4 19. Nc5+ Ke7 20. Qxf5 Qb6 21.
Qd7+ Kf8 22. Ne6+ Kg8 23. Qxg7# 1-0

[Event "ODJM C 2018"]
[Site "Willingen GER"]
[Date "2018.05.23"]
[Round "5"]
[White "Vianden, Ella"]
[Black "Trenkelbach, Cassian Karl"]
[Result "1-0"]
[Termination "normal"]
[Board "29"]
[WhiteElo "1044"]
[BlackElo "1076"]
[PlyCount "87"]
[WhiteFideId "16235592"]
[BlackFideId "16266188"]
[EventCountry "GER"]
[EventRounds "9"]
[EventType "swiss"]
[EventDate "2018.05.19"]

1. e4 e5 2. Nf3 Nc6 3. Bb5 Nf6 4. O-O Nxe4 5. d4 d6 6. Re1 Bf5 7. d5 Qd7 8.
dxc6 bxc6 9. Bd3 d5 10. Nxe5 Qe6 11. Nf3 Bc5 12. Ng5 Qg6 13. Qf3 Bxf2+ 14. Qxf2
O-O 15. Qh4 h6 16. Nxe4 Bxe4 17. Bxe4 dxe4 18. Qxe4 Qxe4 19. Rxe4 Rad8 20. Bd2
f5 21. Ra4 f4 22. Rxf4 Rxf4 23. Bxf4 Rd1+ 24. Kf2 Rd7 25. Nc3 g5 26. Be3 Rf7+
27. Kg1 Re7 28. Bxa7 Re5 29. Bf2 g4 30. a4 Ra5 31. Ne4 Kg7 32. b4 Ra6 33. a5 h5
34. Nc5 Ra7 35. a6 Kg6 36. Nd7 Kf7 37. Bxa7 Ke7 38. Nc5 Kd8 39. Bb8 Kc8 40. a7
h4 41. a8=Q Kd8 42. Re1 Kc8 43. Rd1 g3 44. Qb7# 1-0

[Event "ODJM C 2018"]
[Site "Willingen GER"]
[Date "2018.05.23"]
[Round "6"]
[White "Richter, Gerrit"]
[Black "Noever, Jonas"]
[Result "0-1"]
[Termination "normal"]
[Board "1"]
[WhiteElo "1428"]
[BlackElo "1204"]
[WhiteClock "01:08:09"]
[BlackClock "00:25:05"]
[PlyCount "70"]
[WhiteFideId "12990825"]
[BlackFideId "16266137"]
[EventCountry "GER"]
[EventRounds "9"]
[EventType "swiss"]
[EventDate "2018.05.19"]

1. e4 {[%clk 1:30:53]} 1... e5 {[%clk 1:30:56]} 2. Nf3 {[%clk 1:31:15]} 2...
Nc6 {[%clk 1:31:20]} 3. Bb5 {[%clk 1:31:38]} 3... Nf6 {[%clk 1:31:20]} 4. O-O {
[%clk 1:31:50]} 4... a6 {[%clk 1:31:33]} 5. Ba4 {[%clk 1:32:12]} 5... b5 {
[%clk 1:31:30]} 6. Bb3 {[%clk 1:32:33]} 6... Bc5 {[%clk 1:31:41]} 7. Nxe5 {
[%clk 1:32:04]} 7... Nxe5 {[%clk 1:31:31]} 8. d4 {[%clk 1:32:15]} 8... Bxd4 {
[%clk 1:31:26]} 9. Qxd4 {[%clk 1:32:19]} 9... d6 {[%clk 1:31:21]} 10. Re1 {
[%clk 1:30:00]} 10... O-O {[%clk 1:30:10]} 11. Nc3 {[%clk 1:28:55]} 11... Bb7 {
[%clk 1:19:16]} 12. a4 {[%clk 1:27:15]} 12... c6 {[%clk 1:10:19]} 13. axb5 {
[%clk 1:26:32]} 13... axb5 {[%clk 1:07:08]} 14. Rxa8 {[%clk 1:26:35]} 14...
Bxa8 {[%clk 1:07:30]} 15. Rd1 {[%clk 1:25:16]} 15... c5 {[%clk 1:01:10]} 16.
Qxd6 {[%clk 1:24:26]} 16... Qxd6 {[%clk 1:01:17]} 17. Rxd6 {[%clk 1:24:45]}
17... Nxe4 {[%clk 1:01:27]} 18. Nxe4 {[%clk 1:21:25]} 18... Bxe4 { [%clk
1:01:47]} 19. f3 {[%clk 1:21:15]} 19... Ba8 {[%clk 0:59:15]} 20. Bd5 { [%clk
1:19:31]} 20... h6 {[%clk 0:52:39]} 21. Bf4 {[%clk 1:18:58]} 21... Ng6 { [%clk
0:45:25]} 22. Be3 {[%clk 1:17:18]} 22... c4 {[%clk 0:41:05]} 23. Bxa8 { [%clk
1:17:19]} 23... Rxa8 {[%clk 0:41:28]} 24. Rb6 {[%clk 1:17:29]} 24... Re8 {[%clk
0:37:03]} 25. Bd4 {[%clk 1:16:50]} 25... Re2 {[%clk 0:35:13]} 26. Rxb5 { [%clk
1:17:01]} 26... Rxc2 {[%clk 0:35:34]} 27. Rc5 {[%clk 1:17:06]} 27... Nf4 {[%clk
0:35:04]} 28. Rc8+ {[%clk 1:15:55]} 28... Kh7 {[%clk 0:35:24]} 29. Be3 { [%clk
1:13:36]} 29... Nd5 {[%clk 0:34:27]} 30. Bd4 {[%clk 1:13:04]} 30... Nb4 { [%clk
0:33:55]} 31. Be3 {[%clk 1:12:03]} 31... Nd3 {[%clk 0:32:47]} 32. Rc7 { [%clk
1:10:04]} 32... Re2 {[%clk 0:32:40]} 33. Bf2 {[%clk 1:08:22]} 33... Rxb2 {[%clk
0:28:33]} 34. Re7 {[%clk 1:08:04]} 34... Rb1+ {[%clk 0:28:49]} 35. Be1 { [%clk
1:08:09]} 35... c3 {[%clk 0:25:05]} 0-1

[Event "ODJM C 2018"]
[Site "Willingen GER"]
[Date "2018.05.23"]
[Round "6"]
[White "Grimm, Nicola Marie"]
[Black "Heß, Wadim"]
[Result "1-0"]
[Termination "normal"]
[Board "2"]
[WhiteElo "1439"]
[BlackElo "1235"]
[WhiteClock "00:36:42"]
[BlackClock "00:36:55"]
[PlyCount "117"]
[WhiteFideId "12988987"]
[BlackFideId "16266129"]
[EventCountry "GER"]
[EventRounds "9"]
[EventType "swiss"]
[EventDate "2018.05.19"]

1. d4 {[%clk 1:30:56]} 1... d5 {[%clk 1:30:55]} 2. Bf4 {[%clk 1:31:22]} 2...
Nf6 {[%clk 1:31:21]} 3. Nf3 {[%clk 1:31:43]} 3... c5 {[%clk 1:31:47]} 4. e3 {
[%clk 1:31:49]} 4... Nc6 {[%clk 1:32:09]} 5. c3 {[%clk 1:31:58]} 5... Qb6 {
[%clk 1:32:21]} 6. Qb3 {[%clk 1:30:20]} 6... c4 {[%clk 1:32:19]} 7. Qxb6 {
[%clk 1:29:49]} 7... axb6 {[%clk 1:32:43]} 8. Be2 {[%clk 1:29:23]} 8... Bf5 {
[%clk 1:32:39]} 9. Nbd2 {[%clk 1:27:51]} 9... h6 {[%clk 1:29:17]} 10. Ne5 {
[%clk 1:26:13]} 10... Nxe5 {[%clk 1:28:30]} 11. Bxe5 {[%clk 1:26:34]} 11... Nd7
{[%clk 1:28:50]} 12. Bg3 {[%clk 1:26:36]} 12... e6 {[%clk 1:28:54]} 13. Bf3 {
[%clk 1:26:30]} 13... b5 {[%clk 1:28:37]} 14. e4 {[%clk 1:26:18]} 14... Bh7 {
[%clk 1:27:18]} 15. exd5 {[%clk 1:26:17]} 15... exd5 {[%clk 1:27:19]} 16. Bxd5
{[%clk 1:26:23]} 16... Ra7 {[%clk 1:27:15]} 17. O-O {[%clk 1:26:09]} 17... Bg6
{[%clk 1:25:30]} 18. Rfe1+ {[%clk 1:25:44]} 18... Kd8 {[%clk 1:25:51]} 19. a3 {
[%clk 1:24:20]} 19... Nb6 {[%clk 1:23:36]} 20. Be4 {[%clk 1:23:06]} 20... Bxe4
{[%clk 1:22:14]} 21. Nxe4 {[%clk 1:22:56]} 21... Na4 {[%clk 1:21:04]} 22. Rab1
{[%clk 1:22:44]} 22... Nb6 {[%clk 1:17:33]} 23. Re2 {[%clk 1:18:55]} 23... Nd5
{[%clk 1:16:09]} 24. Rbe1 {[%clk 1:15:40]} 24... b6 {[%clk 1:14:00]} 25. Nd2 {
[%clk 1:14:12]} 25... Nf6 {[%clk 1:12:43]} 26. Nf3 {[%clk 1:14:25]} 26... Re7 {
[%clk 1:10:12]} 27. Rxe7 {[%clk 1:12:17]} 27... Bxe7 {[%clk 1:10:29]} 28. Ne5 {
[%clk 1:12:31]} 28... Re8 {[%clk 1:08:45]} 29. Nxf7+ {[%clk 1:12:03]} 29... Kd7
{[%clk 1:07:24]} 30. Ne5+ {[%clk 1:12:02]} 30... Kd8 {[%clk 1:05:52]} 31. f3 {
[%clk 1:07:25]} 31... Nd5 {[%clk 1:01:57]} 32. Ng6 {[%clk 1:04:06]} 32... Bf6 {
[%clk 1:00:10]} 33. Ne5 {[%clk 0:48:07]} 33... Bxe5 {[%clk 0:56:59]} 34. Bxe5 {
[%clk 0:47:16]} 34... Kd7 {[%clk 0:56:40]} 35. Kf2 {[%clk 0:47:33]} 35... g6 {
[%clk 0:55:54]} 36. Re4 {[%clk 0:46:40]} 36... Re6 {[%clk 0:54:47]} 37. Bg7 {
[%clk 0:45:02]} 37... h5 {[%clk 0:54:03]} 38. Re5 {[%clk 0:42:48]} 38... Rxe5 {
[%clk 0:47:51]} 39. Bxe5 {[%clk 0:42:54]} 39... Ke6 {[%clk 0:48:03]} 40. f4 {
[%clk 0:42:39]} 40... Kf5 {[%clk 0:47:02]} 41. Kf3 {[%clk 0:42:28]} 41... Ne7 {
[%clk 0:45:52]} 42. h3 {[%clk 0:42:22]} 42... h4 {[%clk 0:45:22]} 43. Bd6 {
[%clk 0:40:39]} 43... Nd5 {[%clk 0:44:52]} 44. Be5 {[%clk 0:39:51]} 44... Ne7 {
[%clk 0:43:21]} 45. Bg7 {[%clk 0:37:40]} 45... Nd5 {[%clk 0:42:23]} 46. Bh6 {
[%clk 0:37:49]} 46... Nf6 {[%clk 0:42:03]} 47. Bg5 {[%clk 0:35:19]} 47... Ne4 {
[%clk 0:39:35]} 48. Ke3 {[%clk 0:34:13]} 48... Nxg5 {[%clk 0:35:55]} 49. fxg5 {
[%clk 0:34:18]} 49... Kxg5 {[%clk 0:35:44]} 50. Ke4 {[%clk 0:34:42]} 50... Kf6
{[%clk 0:35:23]} 51. Kd5 {[%clk 0:34:55]} 51... Ke7 {[%clk 0:35:29]} 52. Kc6 {
[%clk 0:35:13]} 52... Ke6 {[%clk 0:35:44]} 53. Kxb6 {[%clk 0:35:19]} 53... Kd6
{[%clk 0:35:25]} 54. Kxb5 {[%clk 0:35:34]} 54... Kd5 {[%clk 0:35:43]} 55. a4 {
[%clk 0:35:54]} 55... Kd6 {[%clk 0:35:53]} 56. a5 {[%clk 0:35:54]} 56... Kc7 {
[%clk 0:36:16]} 57. Kxc4 {[%clk 0:36:11]} 57... Kc6 {[%clk 0:36:38]} 58. b4 {
[%clk 0:36:28]} 58... g5 {[%clk 0:36:55]} 59. b5+ {[%clk 0:36:42]} 1-0